| 000 | 00503nam a22001577a 4500 | ||
|---|---|---|---|
| 999 |
_c478300 _d478300 |
||
| 003 | NUST | ||
| 005 | 20180521051157.0 | ||
| 008 | 180521b ||||| |||| 00| 0 eng d | ||
| 020 | _a9789810236380 | ||
| 082 | _a530 | ||
| 100 |
_aEdit: I. Antoniadis, L. E. Ibanez, J, W. F. Valle _910358 |
||
| 245 |
_aBeyond The Standard Model _bFrom Theory To Experiment _cEdit: I. Antoniadis, L. E. Ibanez, J, W. F. Valle |
||
| 260 |
_aSingapore _bWorld Scientific _c1998 |
||
| 300 |
_a476p. _bHB |
||
| 942 |
_2ddc _cBK |
||